Normal view MARC view
  • Macdonald, I. G

Entry Personal Name

Number of records used in: 1

001 - CONTROL NUMBER

  • control field: 24978

003 - CONTROL NUMBER IDENTIFIER

  • control field: IN-BhIIT

005 - DATE AND TIME OF LATEST TRANSACTION

  • control field: 20241211102716.0

008 - FIXED-LENGTH DATA ELEMENTS

  • fixed length control field: 241211|| aca||aabn | a|a d

040 ## - CATALOGING SOURCE

  • Original cataloging agency: IN-BhIIT
  • Transcribing agency: IN-BhIIT

100 ## - HEADING--PERSONAL NAME

  • Personal name: Macdonald, I. G

670 ## - SOURCE DATA FOUND

  • Source citation: Work cat.: (IN-BhIIT)14541: Atiyah, Michael Francis, Author 24974, Introduction to commutative algebra /, [1969]

Central Library, Indian Institute of Technology Bhubaneswar, 4th Floor, Administrative Building, Argul, Khordha, PIN-752050, Odisha, India
Phone: +91-674-7138750 | Email: circulation.library@iitbbs.ac.in (For circulation related queries),
Email: info.library@iitbbs.ac.in (For other queries)